ბათუმის შოთა რუსთაველის სახელმწიფო უნივერსიტეტის ბიბლიოთეკა

წყობილსიტყვაობა (ისტ. ბიბლიოგრ. ცნობები ძველ ქართულ მწერლობაზე) / (ბიბ.ჩანაწერი № 52506)

000 -ლიდერი
ფიქსირებული სიგრძის საკონტროლო ველი 01649nam a2200265Ia 4500
001 - საკონტროლო ნომერი
საკონტროლო ველი 19529
003 - საკონტროლო ნომრის იდენტიფიკატორი
საკონტროლო ველი GE_BSU
005 - ბოლო ოპერაციის თარიღი და დრო
საკონტროლო ველი 20200221171610.0
008 - ფიქსირებული სიგრძის მონაცემთა ელემენტები - ზოგადი ინფორმაცია
ფიქსირებული სიგრძის საკონტროლო ველი 181216s1985||||ge |||||||||||||| ||ge ||
040 ## - კატალოგიზაციის წყარო
Transcribing agency GE_BSU
041 ## - ენის კოდი
Language code of text/sound track or separate title geo
080 ## - უნივერსალური ათობითი კლასიფიკაციის ინდექსი
Universal Decimal Classification number 821.353.1'01.09 ბ-14
100 ## - მთავარი ჩანაწერი - პიროვნების სახელი
Personal name ბაგრატიონი, ანტონ
9 (RLIN) 7348
245 ## - ცნობა სათაურის შესახებ
Title წყობილსიტყვაობა (ისტ. ბიბლიოგრ. ცნობები ძველ ქართულ მწერლობაზე) /
Statement of responsibility, etc ანტონ ბაგრატიონი ; გამოსაც. მოამზადა, გამოკვლ., კომენტ. და ლექსიკონი დაურთო ი. ლოლაშვილმა ; რედ. შ. ძიძიგური.
264 ## - წარმოების, გამოცემის, დისტრიბუციის და სხვა ცნობები
გამოცემის, წარმოების, დისტრიბუციის... ადგილი თბილისი :
გამოცემის, წარმოების, დისტრიბუციის... სახელწოდება მეცნიერება,
გამოცემის, წარმოების, დისტრიბუციის... თარიღი 1985.
300 ## - ფიზიკური აღწერა
Extent 415 გვ. ;
Dimensions 22 სმ.
653 ## - INDEX TERM--UNCONTROLLED
Uncontrolled term ქართული ლიტერატურა
653 ## - INDEX TERM--UNCONTROLLED
Uncontrolled term ქართული ფილოსოფიური ტრაქტატი
653 ## - INDEX TERM--UNCONTROLLED
Uncontrolled term ლიტერატურათმცოდნეობითი ტრაქტატი
653 ## - INDEX TERM--UNCONTROLLED
Uncontrolled term ძველი ქართული ლიტერატურა
700 ## - ADDED ENTRY--PERSONAL NAME
Personal name ლოლაშვილი, ი.
Relator term გამოსაცემად მოამზადა, გამოკვლევები, კომენტარი და ლექსიკონი დაურთო
9 (RLIN) 7349
700 ## - ADDED ENTRY--PERSONAL NAME
Personal name ძიძიგური, შ.
Relator term რედაქტორი
9 (RLIN) 2258
942 ## - ADDED ENTRY ELEMENTS (KOHA)
Koha item type წიგნი
Source of classification or shelving scheme
ეგზემპლარები
ჩამოწერის სტატუსი დაკარგული ეგზემპლარის სტატუსი კლასიფიკაციის წყარო ან თაროზე გაწყობის სქემა დაზიანების სტატუსი არ გაიცემა მუდმივი მდებარეობა (დაცვის ადგილი) ამჟამინდელი ადგილსამყოფელი თაროზე განთავსების ადგილი შეძენის თარიღი ღირებულება, შესყიდვის ნორმალური ფასი სრული შენახვის შიფრი შტრიხკოდი ბოლო ოპერაციის თარიღი ეგზემპლარის მიმდევრობითი ნომერი (კეტერი?) ფასის ძალაში შესვლის თარიღი ეგზემპლარის სახეობა საჯარო შენიშვნა
          ბათუმის შოთა რუსთაველის სახელმწიფო უნივერსიტეტის მთავარი ბიბლიოთეკა ბათუმის შოთა რუსთაველის სახელმწიფო უნივერსიტეტის მთავარი ბიბლიოთეკა წიგნსაცავი 2018-12-17 5.60 821.353.1'01.09 ბ-14 51589 2018-12-17 51589 2018-12-17 წიგნი 5.60 ლ.
          ბათუმის შოთა რუსთაველის სახელმწიფო უნივერსიტეტის მთავარი ბიბლიოთეკა ბათუმის შოთა რუსთაველის სახელმწიფო უნივერსიტეტის მთავარი ბიბლიოთეკა წიგნსაცავი 2018-12-17 5.60 821.353.1'01.09 ბ-14 51590 2018-12-17 51590 2018-12-17 წიგნი 5.60 ლ.